| 000 | 00438nam a22001457a 4500 | ||
|---|---|---|---|
| 020 | _a0-590-45650-4 | ||
| 082 |
_a823 _bMAR/K |
||
| 100 | _aANN M MARTIN | ||
| 245 | _aBABYSITTERS LITTLE SISTER # 34 | ||
| 260 |
_aUSA _bSCHOLASTIC INC _c1993 |
||
| 300 | _a103 | ||
| 520 | _aKAREN LIKES SCHOOL BUT SHE CANT WAIT FOR A SNOW DAY!BUT WHEN KAREN'S SNOW DAY FINALLY COMES, SHE GETS HERSELF IN A BIG MESS | ||
| 650 | _aKAREN'S SNOW DAY | ||
| 942 | _cBK | ||
| 999 |
_c481 _d481 |
||